| 000 | 00476cam a2200193ua 4500 | ||
|---|---|---|---|
| 001 | 10673 | ||
| 005 | 20260515114640.0 | ||
| 008 | 190325n ii |||gr||||Z||||||eng | ||
| 020 | _a9780195659139 | ||
| 040 | _cMAIN | ||
| 082 | _a333.7 | ||
| 100 |
_aUlaganathan Sankar, _eAuthor. |
||
| 245 | _aEnvironmental economics | ||
| 250 | _a1st ed. | ||
| 260 |
_aNew Delhi: _bOxford university press, _c2002. |
||
| 300 | _a469p. | ||
| 653 | _aEconomics ofland & energy | ||
| 942 | _cBK | ||
| 999 |
_c9634 _d9634 |
||